01879cam a22003255i 4500999001700000001001000017003000400027005001700031008004100048015001900089020001600108020001800124040002700142082001700169100004300186245006000229264007300289300005800362336002100420337002500441338002300466490003200489504005100521505039200572520036000964651004201324653002501366942001201391952015001403 c27159d27131008758608OSt20190214123529.0940321s1993 enkabc frb 001 | eng d aGB94236202bnb a05213674026 a9780521367028 aUkcUkbengdEG-ScBUE 04a941222bSPE1 aSpeck, W. A.q(William Arthur),d1938-12aA concise history of Britain, 1707-1975 /cW. A. Speck. 1aCambridge, England ;aNew York :bCambridge University Press,c1993. axiii, 210 p. :billustrations, maps, ports. ;c23 cm. atext2rdacontent aunmediated2rdamedia avolume2rdacarrier0 aCambridge concise histories aIncludes bibliographical references and index. aEighteenth-century Britain -- From the Anglo-Scottish union to the union with Ireland -- Nineteenth-century Britain -- From Pitt to Palmerston -- From the Second Reform Act to the Boer War -- Twentieth-century Britain -- From the Boer War to the first Labour government -- From Baldwin to Attlee -- From the accession of Queen Elizabeth to the entry into the European Economic Community. aA concise, illustrated history of Great Britain over the past three centuries, from its formation as a sovereign state to its partial loss of sovereignty in the accession to the European Community. Professor Speck emphasises political and social trends. In particular he argues that conservative politics prevailed largely in a deeply conservative society 72BUEshaGreat BritainxHistory.929555 bBUSBOLcFebruary2019 2ddccBB 00102ddc40708BaccahaMAINbMAINc2NDd2019-02-14ePurchaseg279.00h21201l0o941 SPEp000044260r2025-07-15 00:00:00v349.00w2019-02-14yBB